Biggest Cities with No Repeating Letters - Statistics

General Stats
  • This quiz has been taken 29 times
  • The average score is 10 of 25
Answer Stats
Population City % Correct
8,804,190 New York
95%
9,801,536 Cairo
80%
15,244,936 Istanbul
70%
12,243,111 Lagos
70%
8,693,706 Tehran
70%
11,034,555 Delhi
65%
11,166,200 Lima
60%
13,004,135 Lahore
50%
9,586,195 Seoul
50%
10,494,879 Wuhan
50%
3,662,381 Berlin
45%
9,392,938 Xian
45%
13,568,357 Chengdu
40%
4,617,251 Xiamen
40%
6,924,566 Riyadh
35%
6,165,279 Qingdao
30%
4,434,600 Kabul
25%
5,765,401 Kano
25%
5,242,897 Harbin
20%
6,111,175 Singapore
20%
9,042,509 Foshan
10%
3,956,985 Wuxi
5%
4,458,135 Giza
0%
3,838,900 Shantou
0%
4,467,797 Surat
0%
No matching quizzes found
Score Distribution
Percent of People with Each Score
Percentile by Number Answered
Your Score History
You have not taken this quiz